000 01295nam a2200265Ia 4500
999 _c40753
_d40753
001 7392
003 GE_BSU
005 20191225103657.0
008 181216s2013||||ge |||||||||||||| ||geo||
020 _a9789941434310
040 _cGE_BSU
041 _ageo
080 _a821.111.0+821.111.09 დ-43
100 _aდიასამიძე, ივდით
_95967
245 _aინგლისურენოვანი მხატვრული ნარატიული ტექსტის გრაფიკული ინფორმატულობა /
_cივდით დიასამიძე ; რედ. თამარ ჯაფარიძე.
264 _aბათუმი :
_bშოთა რუსთაველის სახ. უნ-ტის გამ-ბა,
_c2013.
300 _a23 გვ. ;
_b20 სმ.
504 _a ბიბლიოგრ.: გვ. 115-119.
520 _aრეზ. ინგლ..
653 _a ინგლისური ლიტერატურა
653 _aისტორია და კრიტიკა
653 _a ინგლისური ენის სტილისტიკა
700 _aჯაფარიძე, თამარ
_eრედაქტორი
_95968
942 _cBK
_2udc